Szczegóły MARC21

Dramat wychowania w czasach pogardy : praca zbiorowa /

003 -Nazwa inst., której nr kontr. jest w polu 001 [,]
    • @
    • Nazwa instytucji, której n kontrolny jest w polu 001
    • NUKAT
005 -DATA I CZAS OSTATNIEJ MODYFIKACJI [,]
    • @
    • pole kontrolne
    • 20241231113036.0
040 -Instytucja sporządzająca opis [ , ]
    • a
    • Instytucja, która sporządziła opis (NP)
    • GD U/as
    • c
    • Instytucja, która sporządziła rekord (NP)
    • GD U/as
    • d
    • Instytucja, która zmodyfikowała rekord (P)
    • GD U/as
    • d
    • Instytucja, która zmodyfikowała rekord (P)
    • GD U/BDs
    • d
    • Instytucja, która zmodyfikowała rekord (P)
    • WA U/JKs
942 -Rodzaj dokumentu [ , ]
    • c
    • Rodzaj dokumentu
    • Książka
245 -Strefa tytułu i oznaczenia odpowiedzialności [0,0]
    • a
    • Tytuł
    • Dramat wychowania w czasach pogardy : Find
    • b
    • Ciąg dalszy tytułu (NP)
    • praca zbiorowa / Find
    • c
    • Pozostałe elementy strefy tytułu i oznaczenia odpowiedzialności (NP)
    • pod red. Zenona Jasińskiego i Franciszka Antoniego Marka ; Wyższa Szkoła Pedagogiczna im. Powstańców Śląskich w Opolu.
260 -Strefa adresu wydawniczego [ , ]
    • a
    • Miejsce wydania (P)
    • Opole :
    • b
    • Nazwa wydawcy (P)
    • WSP,
    • c
    • Data wydania (P)
    • 1989.
300 -Strefa opisu fizycznego [ , ]
    • a
    • Określenie formy książki i/lub objętość (NP)
    • 143 s. :
    • b
    • Oznaczenie ilustracji (NP)
    • fot. ;
    • c
    • Format (NP)
    • 24 cm.
336 -Typ zawartości [ , ]
    • a
    • Termin opisujący typ zawartości
    • Tekst
    • b
    • Kod określający zawartość
    • txt
    • 2
    • Źródło (terminu i kodu)
    • rdacontent
337 -Typ mediów [ , ]
    • a
    • Tryb odtwarzania
    • Bez urządzenia pośredniczącego
    • b
    • Kod typu mediów
    • n
    • 2
    • Źródło (terminu i kodu)
    • rdamedia
338 -Typ/rodzaj nośnika [ , ]
    • a
    • Hasło opisujące typ nośnika
    • Wolumin
    • b
    • Kod typu nośnika
    • nc
    • 2
    • Źródło (terminu i kodu)
    • rdacarrier
504 -Uwaga dot. bibliogr. załącznikowej [ , ]
    • a
    • Uwaga dot. bibliografii załącznikowej
    • Bibliogr. przy rozdz.
600 -Hasło przedmiotowe w formie nazwy osobowej [1,7]
    • a
    • Nazwa osobowa
    • Musioł, Teodor
    • d
    • Daty związane z nazwą
    • (1910-1995).
    • 2
    • Źródło terminu
    • kaba
    • 9
    • KHW
    • 245141
650 -Hasło przedmiotowe [ ,7]
    • a
    • Hasło przedmiotowe
    • Edukacja
    • z
    • Określnik geograficzny
    • Niemcy
    • y
    • Określnik chronologiczny
    • 1900-1945.
    • 2
    • Źródło terminu
    • kaba
    • 9
    • KHW
    • 466935
650 -Hasło przedmiotowe [ ,7]
    • a
    • Hasło przedmiotowe
    • Edukacja
    • z
    • Określnik geograficzny
    • Polska
    • y
    • Określnik chronologiczny
    • 1900-1945.
    • 2
    • Źródło terminu
    • kaba
    • 9
    • KHW
    • 355269
650 -Hasło przedmiotowe [ ,7]
    • a
    • Hasło przedmiotowe
    • Księgi pamiątkowe
    • z
    • Określnik geograficzny
    • Polska.
    • 2
    • Źródło terminu
    • kaba
    • 9
    • KHW
    • 353037
700 -Hasło dodatkowe - nazwa osobowa [1, ]
    • a
    • Nazwa osobowa (NP)
    • Jasiński, Zenon Find
    • d
    • Daty biograficzne (NP)
    • (1945- ).
    • e
    • Określenie rodzaju współpracy
    • Red.
    • 9
    • KHW
    • 7768
700 -Hasło dodatkowe - nazwa osobowa [1, ]
    • a
    • Nazwa osobowa (NP)
    • Marek, Franciszek Antoni Find
    • d
    • Daty biograficzne (NP)
    • (1930- ).
    • e
    • Określenie rodzaju współpracy
    • Red.
    • 9
    • KHW
    • 99109
Numer inwentarzowy Status udost. Lokalizacja
Pd.50071BG